[Event "Королевский Гамбит. Южный Федеральный округ."]
[Date "2025-11-21"]
[Round "6.9"]
[Board "9"]
[White "Макушкин Алексей"]
[WhiteElo "1000"]
[Black "Марк Белянин"]
[BlackElo "1030"]
[WebSite "https://www.chessopen.ru"]
[GameId "dfc15e58-2a46-4b5f-a6b4-86717f10b054"]
[Result "0-1"]

1. e4 { [%clk 0:09:59] } c6 { [%clk 0:09:59] } 2. d4 { [%clk 0:10:00] } d5 {
[%clk 0:10:01] } 3. exd5 { [%clk 0:09:59] } cxd5 { [%clk 0:10:02] } 4. Bd3 {
[%clk 0:09:56] } Nf6 { [%clk 0:10:00] } 5. h3 { [%clk 0:09:57] } Nc6 { [%clk
0:09:55] } 6. c3 { [%clk 0:09:58] } e6 { [%clk 0:09:56] } 7. Nf3 { [%clk
0:09:55] } h6 { [%clk 0:09:55] } 8. O-O { [%clk 0:09:56] } Be7 { [%clk 0:09:56]
} 9. Nbd2 { [%clk 0:09:55] } O-O { [%clk 0:09:57] } 10. Nb3 { [%clk 0:09:56] }
a6 { [%clk 0:09:53] } 11. Bf4 { [%clk 0:09:51] } Bd6 { [%clk 0:09:53] } 12. Bg3
{ [%clk 0:09:45] } Qc7 { [%clk 0:09:48] } 13. Kh2 { [%clk 0:09:42] } Nh5 {
[%clk 0:09:47] } 14. Ne5 { [%clk 0:09:13] } Nf6 { [%clk 0:09:30] } 15. Nxc6 {
[%clk 0:09:13] } Bxg3+ { [%clk 0:09:27] } 16. fxg3 { [%clk 0:09:06] } bxc6 {
[%clk 0:09:24] } 17. Kg1 { [%clk 0:08:50] } Qxg3 { [%clk 0:09:14] } 18. Rf3 {
[%clk 0:08:51] } Qg5 { [%clk 0:09:06] } 19. Qe1 { [%clk 0:08:44] } Nh5 { [%clk
0:09:03] } 20. Be2 { [%clk 0:08:33] } Nf4 { [%clk 0:08:59] } 21. Qf1 { [%clk
0:07:57] } e5 { [%clk 0:08:46] } 22. Kh1 { [%clk 0:07:42] } Nxe2 { [%clk
0:08:44] } 23. Qxe2 { [%clk 0:07:42] } e4 { [%clk 0:08:44] } 24. Re3 { [%clk
0:07:30] } f5 { [%clk 0:08:43] } 25. Qf2 { [%clk 0:07:06] } f4 { [%clk 0:08:43]
} 26. Ree1 { [%clk 0:06:59] } Qh5 { [%clk 0:08:31] } 27. Kh2 { [%clk 0:06:47] }
f3 { [%clk 0:08:20] } 28. g3 { [%clk 0:06:30] } Qxh3+ { [%clk 0:08:18] } 29.
Kg1 { [%clk 0:06:26] } Rf5 { [%clk 0:08:10] } 30. Qh2 { [%clk 0:06:09] } f2+ {
[%clk 0:08:03] } 31. Kh1 { [%clk 0:05:59] } Qxh2+ { [%clk 0:07:53] } 32. Kxh2 {
[%clk 0:05:56] } fxe1=Q { [%clk 0:07:54] } 33. Rxe1 { [%clk 0:05:57] } Rf2+ {
[%clk 0:07:54] } 34. Kg1 { [%clk 0:05:50] } Rxb2 { [%clk 0:07:54] } 35. Nc5 {
[%clk 0:05:28] } Bg4 { [%clk 0:07:49] } 36. a4 { [%clk 0:05:19] } Rc2 { [%clk
0:07:42] } 37. Re3 { [%clk 0:05:04] } Rb8 { [%clk 0:07:38] } 38. Re1 { [%clk
0:04:39] } Rbb2 { [%clk 0:07:36] } 39. Nxa6 { [%clk 0:04:23] } Rg2+ { [%clk
0:07:37] } 40. Kh1 { [%clk 0:04:23] } Rh2+ { [%clk 0:07:34] } 41. Kg1 { [%clk
0:04:24] } Bf3 { [%clk 0:07:36] } 42. Re3 { [%clk 0:03:59] } Rh1# { [%clk
0:07:36] } 0-1

[Event "Королевский Гамбит. Южный Федеральный округ."]
[Date "2025-11-21"]
[Round "6.9"]
[Board "9"]
[White "Слободской Виталий"]
[WhiteElo "963"]
[Black "Аристархов Максим"]
[BlackElo "953"]
[WebSite "https://www.chessopen.ru"]
[GameId "46a9d83b-f036-457f-9e18-db9f36440431"]
[Result "1-0"]

1. d4 { [%clk 0:09:58] } e5 { [%clk 0:09:34] } 2. dxe5 { [%clk 0:09:50] } f6 {
[%clk 0:09:28] } 3. exf6 { [%clk 0:09:46] } gxf6 { [%clk 0:09:18] } 4. Nf3 {
[%clk 0:09:40] } b6 { [%clk 0:09:16] } 5. g3 { [%clk 0:09:40] } Bb7 { [%clk
0:09:04] } 6. Bg2 { [%clk 0:09:41] } Bc5 { [%clk 0:08:46] } 7. O-O { [%clk
0:09:32] } Ne7 { [%clk 0:08:44] } 8. Nc3 { [%clk 0:09:29] } Rg8 { [%clk
0:08:44] } 9. b3 { [%clk 0:09:28] } Ng6 { [%clk 0:08:37] } 10. Bb2 { [%clk
0:09:27] } Nc6 { [%clk 0:08:27] } 11. Qd2 { [%clk 0:09:27] } Nce7 { [%clk
0:08:28] } 12. Qh6 { [%clk 0:09:23] } Kf7 { [%clk 0:08:27] } 13. Qxh7+ { [%clk
0:09:20] } Ke6 { [%clk 0:08:24] } 14. Qh5 { [%clk 0:08:58] } Rh8 { [%clk
0:08:26] } 15. Qg4+ { [%clk 0:08:54] } Kf7 { [%clk 0:08:29] } 16. Nh4 { [%clk
0:08:48] } Nxh4 { [%clk 0:08:29] } 17. gxh4 { [%clk 0:08:48] } Ke8 { [%clk
0:08:28] } 18. Qg7 { [%clk 0:08:45] } Ng6 { [%clk 0:08:31] } 19. Qxg6+ { [%clk
0:08:41] } Kf8 { [%clk 0:08:30] } 20. Bxb7 { [%clk 0:08:40] } Rg8 { [%clk
0:08:33] } 21. Qg2 { [%clk 0:08:33] } Rg6 { [%clk 0:08:36] } 22. Bxa8 { [%clk
0:08:32] } Qxa8 { [%clk 0:08:36] } 23. Qxg6 { [%clk 0:08:29] } Qb8 { [%clk
0:08:39] } 24. Nd5 { [%clk 0:08:25] } Qe8 { [%clk 0:08:36] } 25. Qxf6+ { [%clk
0:08:17] } Kg8 { [%clk 0:08:22] } 26. Kh1 { [%clk 0:08:04] } Be7 { [%clk
0:08:18] } 27. Rg1+ { [%clk 0:07:59] } Kh7 { [%clk 0:08:18] } 28. Qf5+ { [%clk
0:07:49] } Kh6 { [%clk 0:08:14] } 29. Qg4 { [%clk 0:07:31] } Kh7 { [%clk
0:08:15] } 30. Nxc7 { [%clk 0:07:28] } Qh8 { [%clk 0:08:13] } 31. Qh5# { [%clk
0:07:27] } 1-0

[Event "Королевский Гамбит. Южный Федеральный округ."]
[Date "2025-11-21"]
[Round "6.10"]
[Board "10"]
[White "Chekashov Egor"]
[WhiteElo "1008"]
[Black "Гейкин Филипп"]
[BlackElo "990"]
[WebSite "https://www.chessopen.ru"]
[GameId "43e6bd3e-23dd-44bd-8d47-17de79038029"]
[Result "0-1"]

1. d4 { [%clk 0:10:01] } f5 { [%clk 0:09:54] } 2. c4 { [%clk 0:09:53] } Nf6 {
[%clk 0:09:45] } 3. e3 { [%clk 0:09:54] } e6 { [%clk 0:09:29] } 4. Nc3 { [%clk
0:09:55] } Bb4 { [%clk 0:09:17] } 5. a3 { [%clk 0:09:56] } Bxc3+ { [%clk
0:09:05] } 6. bxc3 { [%clk 0:09:57] } d6 { [%clk 0:08:57] } 7. Nf3 { [%clk
0:09:56] } O-O { [%clk 0:08:51] } 8. Bd3 { [%clk 0:09:57] } Qe8 { [%clk
0:08:43] } 9. O-O { [%clk 0:09:56] } b6 { [%clk 0:08:39] } 10. c5 { [%clk
0:09:55] } dxc5 { [%clk 0:08:35] } 11. c4 { [%clk 0:09:56] } Nbd7 { [%clk
0:08:31] } 12. Bb2 { [%clk 0:09:56] } Bb7 { [%clk 0:08:26] } 13. Rb1 { [%clk
0:08:30] } Qh5 { [%clk 0:07:59] } 14. Ne5 { [%clk 0:08:22] } Qg5 { [%clk
0:07:55] } 15. f3 { [%clk 0:07:58] } Qxe3+ { [%clk 0:07:49] } 16. Kh1 { [%clk
0:07:55] } cxd4 { [%clk 0:07:45] } 17. Re1 { [%clk 0:07:46] } Qf2 { [%clk
0:07:40] } 18. Re2 { [%clk 0:07:36] } Qh4 { [%clk 0:07:30] } 19. Nxd7 { [%clk
0:07:14] } Nxd7 { [%clk 0:07:17] } 20. Qe1 { [%clk 0:05:37] } Qxe1+ { [%clk
0:07:10] } 21. Rexe1 { [%clk 0:05:37] } e5 { [%clk 0:07:06] } 22. a4 { [%clk
0:05:21] } Nc5 { [%clk 0:07:01] } 23. Bc2 { [%clk 0:05:13] } d3 { [%clk
0:06:52] } 24. Bd1 { [%clk 0:05:06] } e4 { [%clk 0:06:45] } 25. Ba3 { [%clk
0:04:59] } Bc6 { [%clk 0:06:38] } 26. Bxc5 { [%clk 0:05:00] } bxc5 { [%clk
0:06:27] } 27. fxe4 { [%clk 0:05:00] } fxe4 { [%clk 0:06:24] } 28. Kg1 { [%clk
0:05:01] } Rab8 { [%clk 0:06:20] } 29. Rxb8 { [%clk 0:04:47] } Rxb8 { [%clk
0:06:16] } 30. Bg4 { [%clk 0:04:48] } d2 { [%clk 0:06:10] } 31. Rd1 { [%clk
0:04:48] } Bxa4 { [%clk 0:06:07] } 32. Rxd2 { [%clk 0:04:44] } e3 { [%clk
0:06:02] } 33. Rf2 { [%clk 0:00:19] } exf2+ { [%clk 0:05:58] } 34. Kxf2 { [%clk
0:00:21] } Bb3 { [%clk 0:05:53] } 35. Be6+ { [%clk 0:00:22] } Kh8 { [%clk
0:05:49] } 36. g4 { [%clk 0:00:20] } Rb4 { [%clk 0:05:45] } 37. Bd5 { [%clk
0:00:21] } a5 { [%clk 0:05:35] } 38. Ke2 { [%clk 0:00:20] } Bxc4+ { [%clk
0:05:27] } 0-1

[Event "Королевский Гамбит. Южный Федеральный округ."]
[Date "2025-11-21"]
[Round "6.10"]
[Board "10"]
[White "валерия усольцева"]
[WhiteElo "988"]
[Black "Ярославцев Алексей"]
[BlackElo "1009"]
[WebSite "https://www.chessopen.ru"]
[GameId "ca418647-2f08-49f3-b18c-7fc26ecddf62"]
[Result "0-1"]

1. e4 { [%clk 0:09:51] } c5 { [%clk 0:10:00] } 2. Bc4 { [%clk 0:09:44] } Nf6 {
[%clk 0:09:44] } 3. Nf3 { [%clk 0:09:47] } Nxe4 { [%clk 0:09:28] } 4. O-O {
[%clk 0:09:49] } d5 { [%clk 0:09:24] } 5. Ne5 { [%clk 0:09:43] } dxc4 { [%clk
0:09:17] } 6. Nxc4 { [%clk 0:09:43] } Nc6 { [%clk 0:09:08] } 7. d3 { [%clk
0:09:35] } Nd6 { [%clk 0:09:01] } 8. Bf4 { [%clk 0:09:14] } Nxc4 { [%clk
0:08:53] } 9. dxc4 { [%clk 0:09:12] } Qxd1 { [%clk 0:08:42] } 10. Rxd1 { [%clk
0:09:11] } e5 { [%clk 0:08:32] } 11. Nc3 { [%clk 0:09:14] } exf4 { [%clk
0:08:24] } 12. Nd5 { [%clk 0:09:02] } Bd6 { [%clk 0:08:20] } 13. Re1+ { [%clk
0:08:58] } Be6 { [%clk 0:08:16] } 14. Nc3 { [%clk 0:08:50] } O-O { [%clk
0:08:12] } 15. Re4 { [%clk 0:08:45] } Bf5 { [%clk 0:08:06] } 16. Re2 { [%clk
0:08:27] } Rae8 { [%clk 0:07:55] } 17. Rae1 { [%clk 0:08:19] } Rxe2 { [%clk
0:07:50] } 18. Nxe2 { [%clk 0:08:16] } Re8 { [%clk 0:07:40] } 19. b3 { [%clk
0:08:04] } Bxc2 { [%clk 0:07:34] } 20. b4 { [%clk 0:08:00] } Nxb4 { [%clk
0:07:18] } 21. h3 { [%clk 0:07:57] } Nd3 { [%clk 0:07:15] } 22. a3 { [%clk
0:07:39] } Nxe1 { [%clk 0:07:11] } 23. Nc3 { [%clk 0:07:32] } f3 { [%clk
0:07:07] } 24. gxf3 { [%clk 0:07:32] } Nxf3+ { [%clk 0:07:09] } 25. Kf1 { [%clk
0:07:33] } Re1+ { [%clk 0:06:55] } 26. Kg2 { [%clk 0:07:35] } Nh4# { [%clk
0:06:57] } 0-1

[Event "Королевский Гамбит. Южный Федеральный округ."]
[Date "2025-11-21"]
[Round "6.10"]
[Board "10"]
[White "Ковалев Богдан"]
[WhiteElo "971"]
[Black "Саидов Анзор"]
[BlackElo "1029"]
[WebSite "https://www.chessopen.ru"]
[GameId "6f597765-d3f1-4b63-8bac-8c1e7417a37c"]
[Result "0-1"]

1. e4 { [%clk 0:09:58] } e5 { [%clk 0:09:41] } 2. c3 { [%clk 0:09:35] } Nf6 {
[%clk 0:09:34] } 3. f3 { [%clk 0:09:35] } Nc6 { [%clk 0:09:32] } 4. c4 { [%clk
0:09:27] } Bc5 { [%clk 0:09:20] } 5. a3 { [%clk 0:09:18] } O-O { [%clk 0:08:55]
} 6. b4 { [%clk 0:08:57] } Bd4 { [%clk 0:08:34] } 7. Nc3 { [%clk 0:08:47] } d6
{ [%clk 0:07:49] } 8. Ra2 { [%clk 0:08:18] } Be6 { [%clk 0:07:24] } 9. b5 {
[%clk 0:08:04] } Na5 { [%clk 0:07:02] } 10. Nge2 { [%clk 0:07:49] } Nxc4 {
[%clk 0:06:01] } 11. d3 { [%clk 0:07:36] } Bxc3+ { [%clk 0:05:36] } 12. Nxc3 {
[%clk 0:07:31] } Nb2 { [%clk 0:05:22] } 13. Rxb2 { [%clk 0:07:21] } d5 { [%clk
0:05:00] } 14. Rb4 { [%clk 0:07:07] } d4 { [%clk 0:04:54] } 15. Bb2 { [%clk
0:06:58] } dxc3 { [%clk 0:04:44] } 16. Bxc3 { [%clk 0:06:55] } c5 { [%clk
0:04:08] } 17. Bxe5 { [%clk 0:06:22] } cxb4 { [%clk 0:04:00] } 18. axb4 { [%clk
0:06:22] } Rc8 { [%clk 0:03:46] } 19. Kd2 { [%clk 0:06:00] } Qd7 { [%clk
0:02:34] } 20. d4 { [%clk 0:05:46] } Rc4 { [%clk 0:01:32] } 21. Bxc4 { [%clk
0:05:23] } Bxc4 { [%clk 0:01:32] } 22. Kc3 { [%clk 0:05:13] } Qxb5 { [%clk
0:01:24] } 23. Bd6 { [%clk 0:04:45] } Rc8 { [%clk 0:00:59] } 24. Bc5 { [%clk
0:04:24] } b6 { [%clk 0:00:32] } 25. e5 { [%clk 0:04:05] } Nd5+ { [%clk
0:00:29] } 26. Kb2 { [%clk 0:03:58] } bxc5 { [%clk 0:00:28] } 27. dxc5 { [%clk
0:03:57] } Qxb4+ { [%clk 0:00:27] } 28. Qb3 { [%clk 0:03:55] } Qxb3+ { [%clk
0:00:26] } 29. Kc1 { [%clk 0:03:46] } Rxc5 { [%clk 0:00:26] } 30. Kd2 { [%clk
0:03:30] } Ba6 { [%clk 0:00:22] } 31. Re1 { [%clk 0:03:26] } Rc2+ { [%clk
0:00:23] } 32. Kd1 { [%clk 0:03:22] } Qb1# { [%clk 0:00:24] } 0-1

[Event "Королевский Гамбит. Южный Федеральный округ."]
[Date "2025-11-21"]
[Round "6.10"]
[Board "10"]
[White "Морарь Дмитрий"]
[WhiteElo "1038"]
[Black "Вершинин Владислав"]
[BlackElo "1003"]
[WebSite "https://www.chessopen.ru"]
[GameId "d142c787-b54a-4275-862f-7359961fb338"]
[Result "1-0"]

1. e4 { [%clk 0:10:01] } g6 { [%clk 0:10:01] } 2. d4 { [%clk 0:10:01] } Bg7 {
[%clk 0:10:03] } 3. Nf3 { [%clk 0:10:01] } b6 { [%clk 0:10:04] } 4. Nc3 { [%clk
0:10:01] } Bb7 { [%clk 0:10:06] } 5. Bc4 { [%clk 0:10:00] } e6 { [%clk 0:10:06]
} 6. d5 { [%clk 0:09:56] } exd5 { [%clk 0:09:57] } 7. Nxd5 { [%clk 0:09:55] }
Ne7 { [%clk 0:09:53] } 8. Bg5 { [%clk 0:09:52] } f6 { [%clk 0:09:41] } 9. Bxf6
{ [%clk 0:09:52] } Bxf6 { [%clk 0:09:42] } 10. Nxf6+ { [%clk 0:09:52] } Kf8 {
[%clk 0:09:33] } 11. Qd2 { [%clk 0:09:55] } c6 { [%clk 0:09:23] } 12. Qh6# {
[%clk 0:09:54] } 1-0

[Event "Королевский Гамбит. Южный Федеральный округ."]
[Date "2025-11-21"]
[Round "6.11"]
[Board "11"]
[White "Алексей Ахатов"]
[WhiteElo "975"]
[Black "Тенгелиди Максим"]
[BlackElo "1011"]
[WebSite "https://www.chessopen.ru"]
[GameId "767637a8-c97f-4c95-80de-972126310c8b"]
[Result "0-1"]

1. e4 { [%clk 0:09:59] } e5 { [%clk 0:10:01] } 2. f4 { [%clk 0:09:52] } exf4 {
[%clk 0:10:00] } 3. Nf3 { [%clk 0:09:50] } Nc6 { [%clk 0:09:54] } 4. Bb5 {
[%clk 0:09:40] } a6 { [%clk 0:09:51] } 5. Bxc6 { [%clk 0:09:26] } dxc6 { [%clk
0:09:50] } 6. Nc3 { [%clk 0:09:22] } Bg4 { [%clk 0:09:45] } 7. d3 { [%clk
0:09:11] } Bb4 { [%clk 0:09:46] } 8. Bxf4 { [%clk 0:09:04] } f5 { [%clk
0:09:22] } 9. h3 { [%clk 0:08:52] } Bxf3 { [%clk 0:09:13] } 10. gxf3 { [%clk
0:08:53] } fxe4 { [%clk 0:09:08] } 11. fxe4 { [%clk 0:08:54] } Nf6 { [%clk
0:09:00] } 12. e5 { [%clk 0:08:50] } Nd5 { [%clk 0:08:59] } 13. Bd2 { [%clk
0:08:40] } Qh4+ { [%clk 0:08:52] } 14. Ke2 { [%clk 0:08:30] } O-O { [%clk
0:08:32] } 15. Qg1 { [%clk 0:08:20] } Qh5+ { [%clk 0:07:52] } 16. Ke1 { [%clk
0:08:01] } Qxe5+ { [%clk 0:07:41] } 17. Kd1 { [%clk 0:07:53] } Nxc3+ { [%clk
0:07:29] } 18. bxc3 { [%clk 0:07:44] } Bxc3 { [%clk 0:06:59] } 19. Rb1 { [%clk
0:07:29] } Qh5+ { [%clk 0:06:37] } 20. Qg4 { [%clk 0:07:20] } Qxg4+ { [%clk
0:06:34] } 21. hxg4 { [%clk 0:07:14] } Bxd2 { [%clk 0:06:37] } 22. Kxd2 { [%clk
0:07:09] } b5 { [%clk 0:06:38] } 23. Rbe1 { [%clk 0:07:00] } Rae8 { [%clk
0:06:38] } 24. Kc3 { [%clk 0:06:49] } Rxe1 { [%clk 0:06:36] } 25. Rxe1 { [%clk
0:06:46] } Rf4 { [%clk 0:06:17] } 26. Re8+ { [%clk 0:06:39] } Kf7 { [%clk
0:06:12] } 27. Rc8 { [%clk 0:06:34] } Rxg4 { [%clk 0:06:13] } 28. Rxc7+ { [%clk
0:06:28] } Kf8 { [%clk 0:06:07] } 29. Rxc6 { [%clk 0:06:15] } Rg6 { [%clk
0:06:07] } 30. Rxg6 { [%clk 0:06:09] } hxg6 { [%clk 0:06:08] } 31. Kd4 { [%clk
0:06:04] } Ke7 { [%clk 0:06:09] } 32. c3 { [%clk 0:05:58] } g5 { [%clk 0:06:11]
} 33. Ke5 { [%clk 0:05:52] } g6 { [%clk 0:06:07] } 34. Ke4 { [%clk 0:05:49] }
Ke6 { [%clk 0:06:06] } 35. Kf3 { [%clk 0:05:41] } Ke5 { [%clk 0:06:06] } 36.
Kg4 { [%clk 0:05:37] } Kf6 { [%clk 0:06:02] } 37. d4 { [%clk 0:05:24] } a5 {
[%clk 0:06:04] } 38. a3 { [%clk 0:05:14] } a4 { [%clk 0:06:03] } 39. Kg3 {
[%clk 0:05:09] } Kf5 { [%clk 0:06:01] } 40. Kf3 { [%clk 0:05:04] } g4+ { [%clk
0:06:01] } 41. Kg2 { [%clk 0:04:50] } Kf4 { [%clk 0:05:52] } 42. Kf2 { [%clk
0:04:41] } Ke4 { [%clk 0:05:32] } 43. Kg3 { [%clk 0:04:36] } Kf5 { [%clk
0:05:33] } 44. Kf2 { [%clk 0:04:24] } Kf4 { [%clk 0:05:33] } 45. Kg1 { [%clk
0:04:12] } Ke4 { [%clk 0:05:02] } 46. Kf2 { [%clk 0:04:08] } Kf4 { [%clk
0:04:57] } 47. d5 { [%clk 0:04:00] } Ke5 { [%clk 0:04:57] } 48. Kg3 { [%clk
0:03:55] } Kxd5 { [%clk 0:04:58] } 49. Kxg4 { [%clk 0:03:56] } Kc4 { [%clk
0:04:58] } 50. Kg5 { [%clk 0:03:35] } Kxc3 { [%clk 0:05:01] } 51. Kxg6 { [%clk
0:03:25] } Kb3 { [%clk 0:05:04] } 52. Kf5 { [%clk 0:03:18] } Kxa3 { [%clk
0:05:06] } 53. Ke4 { [%clk 0:03:19] } b4 { [%clk 0:05:09] } 54. Kd3 { [%clk
0:03:20] } b3 { [%clk 0:05:12] } 55. Kd2 { [%clk 0:03:18] } b2 { [%clk 0:05:15]
} 56. Kc2 { [%clk 0:03:19] } Ka2 { [%clk 0:05:16] } 57. Kd2 { [%clk 0:02:50] }
b1=Q { [%clk 0:05:17] } 58. Ke3 { [%clk 0:02:42] } Kb2 { [%clk 0:05:10] } 59.
Kf4 { [%clk 0:02:33] } a3 { [%clk 0:05:13] } 60. Ke5 { [%clk 0:02:19] } a2 {
[%clk 0:05:16] } 61. Kf4 { [%clk 0:02:08] } a1=R { [%clk 0:05:19] } 62. Ke5 {
[%clk 0:01:58] } Ra5+ { [%clk 0:05:16] } 63. Kf6 { [%clk 0:01:54] } Qf5+ {
[%clk 0:05:17] } 64. Ke7 { [%clk 0:01:50] } Qe5+ { [%clk 0:05:07] } 65. Kd7 {
[%clk 0:01:45] } Rd5+ { [%clk 0:05:01] } 66. Kc6 { [%clk 0:01:41] } Qd6+ {
[%clk 0:05:00] } 67. Kb7 { [%clk 0:01:38] } Rc5 { [%clk 0:04:40] } 68. Ka7 {
[%clk 0:01:35] } Qc7+ { [%clk 0:04:35] } 69. Ka6 { [%clk 0:01:34] } Qa5+ {
[%clk 0:04:36] } 70. Kb7 { [%clk 0:01:35] } Qb4+ { [%clk 0:04:37] } 71. Ka6 {
[%clk 0:01:32] } Ra5# { [%clk 0:04:40] } 0-1

[Event "Королевский Гамбит. Южный Федеральный округ."]
[Date "2025-11-21"]
[Round "6.11"]
[Board "11"]
[White "Бланк алексей"]
[WhiteElo "1028"]
[Black "Губарев Матвей"]
[BlackElo "979"]
[WebSite "https://www.chessopen.ru"]
[GameId "adcb2af2-9e35-4d46-8ac5-3ec220c50c59"]
[Result "1-0"]

1. d4 { [%clk 0:09:59] } d5 { [%clk 0:09:58] } 2. c4 { [%clk 0:10:01] } Nf6 {
[%clk 0:09:56] } 3. Nc3 { [%clk 0:10:02] } dxc4 { [%clk 0:09:53] } 4. e3 {
[%clk 0:10:03] } Nc6 { [%clk 0:09:54] } 5. Bxc4 { [%clk 0:10:04] } Be6 { [%clk
0:09:51] } 6. Bb3 { [%clk 0:10:04] } h6 { [%clk 0:09:41] } 7. Nf3 { [%clk
0:10:04] } Bd7 { [%clk 0:09:40] } 8. O-O { [%clk 0:10:05] } e6 { [%clk 0:09:42]
} 9. Bd2 { [%clk 0:09:52] } Bb4 { [%clk 0:09:38] } 10. a3 { [%clk 0:09:52] }
Ba5 { [%clk 0:09:38] } 11. Bc2 { [%clk 0:09:50] } Qe7 { [%clk 0:09:36] } 12. b4
{ [%clk 0:09:46] } Bxb4 { [%clk 0:09:22] } 13. axb4 { [%clk 0:09:47] } Qxb4 {
[%clk 0:09:23] } 14. Ne2 { [%clk 0:09:46] } Qb6 { [%clk 0:09:16] } 15. Rb1 {
[%clk 0:09:45] } Qa6 { [%clk 0:09:12] } 16. Ra1 { [%clk 0:09:44] } Qb6 { [%clk
0:09:12] } 17. Rb1 { [%clk 0:09:45] } Qa6 { [%clk 0:09:13] } 18. Bc3 { [%clk
0:09:44] } b5 { [%clk 0:09:07] } 19. Bd3 { [%clk 0:09:44] } Rb8 { [%clk
0:09:06] } 20. Qb3 { [%clk 0:09:41] } Nxd4 { [%clk 0:08:57] } 21. Bxd4 { [%clk
0:09:38] } O-O { [%clk 0:08:30] } 22. Nc3 { [%clk 0:09:34] } c6 { [%clk
0:08:18] } 23. Ne5 { [%clk 0:09:35] } Bc8 { [%clk 0:08:12] } 24. Rfc1 { [%clk
0:09:29] } Rd8 { [%clk 0:08:13] } 25. Ne2 { [%clk 0:09:28] } Rxd4 { [%clk
0:08:00] } 26. exd4 { [%clk 0:09:24] } Nd5 { [%clk 0:07:53] } 27. Rxc6 { [%clk
0:09:16] } Qa4 { [%clk 0:07:45] } 28. Qxa4 { [%clk 0:09:12] } bxa4 { [%clk
0:07:47] } 29. Rxb8 { [%clk 0:09:12] } a3 { [%clk 0:07:41] } 30. Rcxc8# { [%clk
0:09:13] } 1-0

[Event "Королевский Гамбит. Южный Федеральный округ."]
[Date "2025-11-21"]
[Round "6.11"]
[Board "11"]
[White "Гавриленков Денис"]
[WhiteElo "971"]
[Black "Асламазян Эдмон"]
[BlackElo "1019"]
[WebSite "https://www.chessopen.ru"]
[GameId "941881f4-ba92-47eb-af90-eb1a10bca08d"]
[Result "0-1"]

1. e4 { [%clk 0:10:01] } e5 { [%clk 0:09:55] } 2. d4 { [%clk 0:10:03] } exd4 {
[%clk 0:09:50] } 3. Qxd4 { [%clk 0:10:05] } Nf6 { [%clk 0:09:46] } 4. Bg5 {
[%clk 0:10:03] } Nc6 { [%clk 0:09:40] } 5. Qc4 { [%clk 0:09:56] } h6 { [%clk
0:09:36] } 6. Bf4 { [%clk 0:09:50] } d5 { [%clk 0:09:31] } 7. Qb3 { [%clk
0:09:17] } Bb4+ { [%clk 0:09:21] } 8. Nd2 { [%clk 0:09:11] } Nd4 { [%clk
0:09:16] } 9. Qxb4 { [%clk 0:09:07] } Nxc2+ { [%clk 0:08:56] } 10. Kd1 { [%clk
0:09:00] } Nxb4 { [%clk 0:08:55] } 11. Rc1 { [%clk 0:08:52] } Nxe4 { [%clk
0:08:48] } 12. Bb5+ { [%clk 0:08:41] } c6 { [%clk 0:08:43] } 13. Ba4 { [%clk
0:08:36] } Nxf2+ { [%clk 0:08:38] } 14. Ke2 { [%clk 0:08:28] } Nxh1 { [%clk
0:08:35] } 15. Rc3 { [%clk 0:08:03] } O-O { [%clk 0:08:26] } 16. a3 { [%clk
0:07:50] } Qb6 { [%clk 0:08:16] } 17. axb4 { [%clk 0:07:46] } Qxg1 { [%clk
0:08:05] } 18. Kf3 { [%clk 0:07:29] } Qf2# { [%clk 0:08:00] } 0-1

[Event "Королевский Гамбит. Южный Федеральный округ."]
[Date "2025-11-21"]
[Round "6.11"]
[Board "11"]
[White "Переверзева Мария"]
[WhiteElo "1027"]
[Black "Херкунов Яромир"]
[BlackElo "1055"]
[WebSite "https://www.chessopen.ru"]
[GameId "948dbd8f-c8cd-4d62-9c80-317491a4307d"]
[Result "0-1"]

1. e4 { [%clk 0:09:59] } e5 { [%clk 0:10:00] } 2. Nf3 { [%clk 0:09:57] } Nc6 {
[%clk 0:10:01] } 3. Nc3 { [%clk 0:09:54] } Bc5 { [%clk 0:10:02] } 4. Bc4 {
[%clk 0:09:51] } d6 { [%clk 0:10:02] } 5. O-O { [%clk 0:09:51] } Nf6 { [%clk
0:10:01] } 6. d3 { [%clk 0:09:39] } h6 { [%clk 0:10:00] } 7. a3 { [%clk
0:09:13] } a6 { [%clk 0:09:53] } 8. Na4 { [%clk 0:08:47] } Ba7 { [%clk 0:09:51]
} 9. Nh4 { [%clk 0:08:33] } b5 { [%clk 0:09:48] } 10. b3 { [%clk 0:07:59] }
bxc4 { [%clk 0:09:38] } 11. dxc4 { [%clk 0:07:46] } Nxe4 { [%clk 0:09:23] } 12.
Qe1 { [%clk 0:07:35] } Nc5 { [%clk 0:09:15] } 13. Nxc5 { [%clk 0:07:20] } Bxc5
{ [%clk 0:09:15] } 14. b4 { [%clk 0:07:14] } Bd4 { [%clk 0:09:03] } 15. c3 {
[%clk 0:07:04] } Qxh4 { [%clk 0:08:56] } 16. cxd4 { [%clk 0:06:36] } Qxd4 {
[%clk 0:08:54] } 17. c5 { [%clk 0:06:33] } O-O { [%clk 0:08:42] } 18. cxd6 {
[%clk 0:06:28] } cxd6 { [%clk 0:08:42] } 19. Rb1 { [%clk 0:06:26] } Bf5 { [%clk
0:08:42] } 20. Rb2 { [%clk 0:06:19] } Bd3 { [%clk 0:08:35] } 21. Rc2 { [%clk
0:06:06] } Bxc2 { [%clk 0:08:35] } 22. Be3 { [%clk 0:05:51] } Qc4 { [%clk
0:08:30] } 23. Qd2 { [%clk 0:04:43] } Qd3 { [%clk 0:08:02] } 24. Qc1 { [%clk
0:03:23] } d5 { [%clk 0:07:57] } 25. Bc5 { [%clk 0:03:08] } Rfc8 { [%clk
0:07:51] } 26. Re1 { [%clk 0:02:35] } e4 { [%clk 0:07:40] } 27. a4 { [%clk
0:02:25] } Rab8 { [%clk 0:07:33] } 28. Re3 { [%clk 0:02:21] } Qd1+ { [%clk
0:07:33] } 29. Qxd1 { [%clk 0:02:17] } Bxd1 { [%clk 0:07:35] } 30. a5 { [%clk
0:02:07] } Nxb4 { [%clk 0:07:35] } 31. Bxb4 { [%clk 0:01:58] } Rxb4 { [%clk
0:07:35] } 32. h3 { [%clk 0:01:59] } Bc2 { [%clk 0:07:30] } 33. Rg3 { [%clk
0:01:39] } d4 { [%clk 0:07:29] } 34. Rg4 { [%clk 0:01:38] } d3 { [%clk 0:07:28]
} 35. Rxg7+ { [%clk 0:01:37] } Kxg7 { [%clk 0:07:29] } 36. Kh2 { [%clk 0:01:35]
} d2 { [%clk 0:07:30] } 37. Kg3 { [%clk 0:01:35] } d1=Q { [%clk 0:07:30] } 38.
f3 { [%clk 0:01:30] } Rc5 { [%clk 0:07:30] } 39. fxe4 { [%clk 0:01:28] } Rg5+ {
[%clk 0:07:31] } 40. Kh4 { [%clk 0:01:27] } Rxe4+ { [%clk 0:07:32] } 41. g4 {
[%clk 0:00:46] } Qe1# { [%clk 0:07:35] } 0-1